[Event "Mittelfranken-chTB2a 1920"]
[Site "Mittelfranken"]
[Date "2020.02.02"]
[Round "5.7"]
[White "Kriener, Peter Georg"]
[Black "Rudek, Gerald"]
[Result "1-0"]
[WhiteElo "1686"]
[BlackElo "1326"]
[PlyCount "79"]
[EventDate "2019.10.13"]
[EventType "team-tourn"]
[EventRounds "9"]
[EventCountry "GER"]
[SourceTitle "EXT 2023"]
[Source "ChessBase"]
[SourceDate "2022.10.05"]
[SourceVersion "1"]
[SourceVersionDate "2022.10.05"]
[SourceQuality "1"]
[WhiteTeam "Rothenburg II"]
[BlackTeam "Dombuehl"]
[WhiteTeamCountry "GER"]
[BlackTeamCountry "GER"]

1. d4 Nf6 2. Nf3 g6 3. c4 Bg7 4. Nc3 d5 5. e3 0-0 6. Bd3 c6 7. 0-0 Nbd7 8. Qc2 Qc7 9. b4 e5 10. cxd5 exd4 11. exd4 cxd5 12. h3 Re8 13. Be3 Nb6 14. Rfe1 Be6 15. Rac1 Rac8 16. Qb3 Qb8 17. Ne5 a6 18. a4 Nbd7 19. f4 Nxe5 20. fxe5 Ne4 21. Qb2 Nxc3 22. Rxc3 Rxc3 23. Qxc3 Rc8 24. Qb2 f6 25. Bf4 fxe5 26. Bxe5 Bxe5 27. Rxe5 Bf7 28. b5 axb5 29. axb5 b6 30. Be2 Rc7 31. Bf3 Rd7 32. Qb4 Qd8 33. Qb3 Rd6 34. Qc3 Rd7 35. Qe3 Kf8 36. Qf4 Kg8 37. Bg4 Re7 38. Qf6 Re8 39. Rxe8+ Bxe8 40. Be6+ 1-0

[Event "Mittelfranken-chTB2a 1718"]
[Site "Mittelfranken"]
[Date "2018.04.22"]
[Round "8.7"]
[White "Kriener, Peter Georg"]
[Black "Ross, Sandra"]
[Result "1-0"]
[WhiteElo "1669"]
[BlackElo "1731"]
[PlyCount "60"]
[EventDate "2017.10.08"]
[EventType "team-tourn"]
[EventRounds "9"]
[EventCountry "GER"]
[SourceTitle "EXT 2022"]
[Source "ChessBase"]
[SourceDate "2021.10.06"]
[SourceVersion "1"]
[SourceVersionDate "2021.10.06"]
[SourceQuality "1"]
[WhiteTeam "Rothenburg II"]
[BlackTeam "Jaecklechemie SC"]
[WhiteTeamCountry "GER"]
[BlackTeamCountry "GER"]

1. d4 Nf6 2. Nf3 e6 3. Bg5 h6 4. Bh4 b6 5. e3 Bb7 6. Bd3 Be7 7. 0-0 c5 8. dxc5 bxc5 9. c4 Nc6 10. a3 0-0 11. Nc3 Nh5 12. Bxe7 Qxe7 13. Nd2 Nf6 14. Nf3 d5 15. cxd5 exd5 16. Nxd5 Nxd5 17. Bh7+ Kxh7 18. Qxd5 Rad8 19. Qf5+ g6 20. Qc2 Ne5 21. Nd2 Qg5 22. Ne4 Bxe4 23. Qxe4 Qg4 24. Qxe5 Rd2 25. Qxc5 Rfd8 26. h3 Qe2 27. Qxa7 R8d7 28. Qa4 Rd8 29. Qf4 Kg7 30. b4 R8d7 1-0

[Event "Mittelfranken-chTB2a 1718"]
[Site "Mittelfranken"]
[Date "2018.03.04"]
[Round "6.7"]
[White "Puehn, Georg"]
[Black "Kriener, Peter Georg"]
[Result "1/2-1/2"]
[WhiteElo "1870"]
[BlackElo "1669"]
[PlyCount "110"]
[EventDate "2017.10.08"]
[EventType "team-tourn"]
[EventRounds "9"]
[EventCountry "GER"]
[SourceTitle "EXT 2022"]
[Source "ChessBase"]
[SourceDate "2021.10.06"]
[SourceVersion "1"]
[SourceVersionDate "2021.10.06"]
[SourceQuality "1"]
[WhiteTeam "Nuernberg Sued SW IV"]
[BlackTeam "Rothenburg II"]
[WhiteTeamCountry "GER"]
[BlackTeamCountry "GER"]

1. e4 c6 2. d4 d5 3. e5 Bf5 4. Nf3 e6 5. Be2 Nd7 6. 0-0 Qb6 7. Nbd2 c5 8. c4 Ne7 9. Nb3 dxc4 10. dxc5 Nxc5 11. Nxc5 Qxc5 12. Be3 Qc7 13. Qa4+ Qc6 14. Qxc4 Qxc4 15. Bxc4 a6 16. Rac1 Be4 17. Nd2 Bc6 18. f4 Nf5 19. Bb6 Bb4 20. Rf2 0-0 21. a3 Bxd2 22. Rxd2 Ne7 23. b4 g6 24. g4 Nd5 25. Bxd5 Bxd5 26. h3 Rac8 27. Rdc2 Rc6 28. Rxc6 Bxc6 29. Kf2 Rc8 30. Ke3 Kf8 31. a4 Bd7 32. Rxc8+ Bxc8 33. Kd4 Bd7 34. a5 Ke8 35. Kc5 Ke7 36. Bc7 Bc6 37. g5 Kd7 38. Bb8 Bd5 39. h4 Bc6 40. Ba7 Ba4 41. Bb8 Bc6 42. Bd6 Bd5 43. Kb6 Kc8 44. b5 axb5 45. Kxb5 Bf3 46. Kb6 Bd5 47. a6 bxa6 48. Kxa6 Kd7 49. Kb6 Bf3 50. Kc5 Bh1 51. Kb6 Bd5 52. Kc5 Bg2 53. Kb6 Bf3 54. Kc5 Bh1 55. Kb6 Bf3 1/2-1/2

[Event "Mittelfranken-chTB2a 1516"]
[Site "Mittelfranken"]
[Date "2015.12.06"]
[Round "4.6"]
[White "Kriener, Peter Georg"]
[Black "Martin, Hans"]
[Result "1/2-1/2"]
[WhiteElo "1683"]
[BlackElo "1778"]
[PlyCount "73"]
[EventDate "2015.10.18"]
[EventType "team-tourn"]
[EventRounds "9"]
[EventCountry "GER"]
[SourceTitle "EXT 2020"]
[Source "ChessBase"]
[SourceDate "2019.10.17"]
[SourceVersion "1"]
[SourceVersionDate "2019.10.17"]
[SourceQuality "1"]
[WhiteTeam "Rothenburg II"]
[BlackTeam "Buechenbach/Roth II"]
[WhiteTeamCountry "GER"]
[BlackTeamCountry "GER"]

1. d4 d5 2. Nf3 Nf6 3. Bf4 Bf5 4. e3 e6 5. c4 c6 6. Nc3 Bb4 7. Qb3 Qa5 8. Rc1 Ne4 9. Be2 Bg4 10. a3 Bxc3+ 11. bxc3 Qb6 12. Qc2 Qa5 13. Qb3 Qb6 14. Qb4 Nd7 15. c5 Qxb4 16. cxb4 Bxf3 17. gxf3 g5 18. Bg3 Nxg3 19. fxg3 Rc8 20. Kd2 h5 21. h4 gxh4 22. Rxh4 a5 23. Rch1 axb4 24. axb4 Ra8 25. Bd1 Ke7 26. Rxh5 Rxh5 27. Rxh5 e5 28. g4 exd4 29. exd4 Ra2+ 30. Bc2 Ra3 31. Bd3 Nf8 32. Ke3 Ne6 33. f4 Rb3 34. f5 Rxb4 35. g5 Nxd4 36. g6 fxg6 37. fxg6 1/2-1/2

[Event "Regionalliga NW 9495"]
[Site "Bayern"]
[Date "1995.??.??"]
[Round "?.7"]
[White "Kriener, Peter Georg"]
[Black "Javanovic, Alexander"]
[Result "0-1"]
[WhiteElo "1785"]
[BlackElo "1780"]
[PlyCount "76"]
[EventDate "1994.10.??"]
[EventType "team-tourn"]
[EventRounds "9"]
[EventCountry "GER"]
[SourceTitle "EXT 1999"]
[Source "ChessBase"]
[SourceDate "1998.11.16"]
[SourceVersion "1"]
[SourceVersionDate "1998.11.16"]
[SourceQuality "1"]
[WhiteTeam "Grossw"]
[BlackTeam "Wuerzburg II"]
[WhiteTeamCountry "GER"]
[BlackTeamCountry "GER"]

1. d4 f5 2. c4 g6 3. Nc3 Nf6 4. Nf3 Bg7 5. Qc2 d6 6. Bf4 c6 7. e3 a6 8. Bd3 Bd7 9. 0-0 0-0 10. h3 Re8 11. e4 Nh5 12. Bg5 fxe4 13. Bxe4 Rf8 14. Rfe1 Bf6 15. Bh6 Bg7 16. Qd2 Qc8 17. Bxg7 Kxg7 18. Nh2 Nf4 19. Ne2 Nh5 20. Qg5 Rf7 21. g4 Nf6 22. Bd3 b5 23. b3 Ra7 24. f4 e6 25. h4 Kh8 26. Ng3 Qf8 27. f5 gxf5 28. gxf5 Rg7 29. Qe3 Nh5 30. Nhf1 exf5 31. Bxf5 Bxf5 32. Qe8 Raf7 33. Re7 Nxg3 34. Qxf8+ Rxf8 35. Rxg7 Ne2+ 36. Kh2 Kxg7 37. Re1 Nxd4 38. Ng3 Nf3+ 0-1